000 00823nam a2200253Ia 4500
003 OSt
005 20220927110414.0
006 a|||||r|||| 00| 0
007 ta
008 220926b |||||||| |||| 00| 0 eng d
024 _a57252
037 _cReports
040 _aRTL
_cRTL
_beng
041 _2eng
_aeng
082 _a"X:991:(Z2.N46).243r, (GD)"
110 _a"Punjab, Government of ..... Labour (Department of ....)"
_9377883
245 0 _aAnnual report on the working of the industrial emp
260 _aChandigarh
_bController Printing and Stationery India
_c1958
300 _a4p.
_ccm.
650 _aLabour Market Economics
700 _a"Punjab, Government of ..... Labour (Department of ....)"
_9377884
942 _h"X:991:(Z2.N46).243r, (GD)"
_cCC
999 _c696494
_d696494